000 00685 a2200217 4500
001 61076
005 20260407155901.0
008 260407a1969 arg spa d
003 AR-UNSa-BCEJYS
040 _aAR-UNSa-BCEJYS
_bspa
_cAR-UNSa-BCEJYS
080 _a343(094.4)
_xCódigo Penal
245 1 0 _aCódigo penal
_pComentado
264 1 _aBuenos Aires :
_bPlus Ultra
_c1969
300 _a4 v.
_c23 cm.
505 _aTomo I: Arts. 1 a 78 - Tomo II: Arts. 79 a 133 - Tomo III: Arts. 134 a 185 - Tomo IV: Arts. 186 a 306
041 _aspa
942 _cBK
590 _aniveau_biblio:m niveau_hierar:0
100 1 _aVázquez Iruzubieta, Carlos
700 1 _aArgentina (Código Penal)
999 _c7202
_d7202